000 01119nam a2200289 c 4500
003 BLK
005 20180421001808.0
008 180411b bul|||||r ||||||| ||bul||
010 _aKNG00216865000
040 _aBLK
041 _aBUL
_cBUL
080 _aАмериканска литература (на САЩ)
_b821.111(73)
_x-31
_z821.111(73)-31
100 1 _aМаккълърс, Карсън
_eпърви автор
_991306
700 1 _aАлександрова, Евелина
_eпрев. от англ.
_9351059
139 _aМаккълърс, Карсън
_bМ 19
245 1 0 _aОтражения в златисто око
_b[Роман]
_cКарсън Маккълърс; прев. от англ. Евелина Александрова.
257 _aUSA
260 София
_bНар. култура
_c1989
300 _a112 с.
_c17 см
380 _aX
500 _aОриг. загл. Reflections in a golden eye / Carson McCullers.
852 _aЦб І 24282
856 4 _qpdf
_u
856 4 _qpdf
_u
942 _cKNG
_n0
944 _aCR
_c06.03.2018
_kКети_Илиева
944 _aED
_c06.03.2018
_kКети_Илиева
999 _c207113
_d207113